Un poblado liniero del Caribe costarricense: historia y cotidianidad /

সংরক্ষণ করুন:
গ্রন্থ-পঞ্জীর বিবরন
প্রধান লেখক: Hernández Cruz, Omar
বিন্যাস: পাঠ‍্য
বিষয়গুলি:
ট্যাগগুলো: ট্যাগ যুক্ত করুন
কোনো ট্যাগ নেই, প্রথমজন হিসাবে ট্যাগ করুন!

MARC

LEADER 00000 a a2200000 04500
001 15223
003
040
100 |a Hernández Cruz, Omar  
245 |a Un poblado liniero del Caribe costarricense:   |b historia y cotidianidad /  |c Omar Hernández Cruz 
650 |a HISTORIA  
650 |a CULTURA  
650 |a POBLACION  
650 |a MIGRACION  
650 |a IDENTIDAD CULTURAL  
650 |a FACTORES ETNICOS  
650 |a RELACIONES INTERETNICAS  
650 |a GRUPOS ETNICOS  
650 |a FAMILIA  
650 |a NEGROS  
773 |g número 82; páginas 7-30  
999 |c 39185  |d 39185 
773 0 |0 18728  |9 3052  |a Universidad de Costa Rica  |d San José, Costa Rica Editorial UCR 1956-  |o 16978  |t Revista de Ciencias Sociales/  |x 04825276